000 00468nam a22001937a 4500
005 20180522140903.0
008 180522b xxu||||| |||| 00| 0 eng d
020 _a9780008168155
_c₹ 200.00
040 _aLoreto College
041 _aEnglish
082 _aF
_bDIA
100 _aDiamond, Katerina
245 _aThe teacher
_cKaterina Diamond
260 _aLondon
_bavon
_c2016
300 _a395 p.
_b24 cm.
650 _aFiction
850 _aLCLIB
942 _cBK
999 _c41578
_d92057